书目信息 |
| 题名: |
马氏文通
|
|
| 作者: | 马建忠 著 | |
| 分册: | ||
| 出版信息: | 北京 商务印书馆 1983 |
|
| 页数: | 447页 | |
| 开本: | 21cm | |
| 丛书名: | 商务印书馆文库 | |
| 单 册: | ||
| 中图分类: | H04 | |
| 科图分类: | ||
| 主题词: | 语法学--语法--古代 , 汉语 , 语法 | |
| 电子资源: | ||
| ISBN: | 7-100-02807-8 | |
| 000 | 00844oam2 2200289 450 | |
| 001 | 1262906469 | |
| 005 | 20121015172857.35 | |
| 010 | @a7-100-02807-8@dCNY18.00 | |
| 100 | @a20021005e20001983em y0chiy0110 ea | |
| 101 | 0 | @achi |
| 102 | @aCN@b110000 | |
| 105 | @ay z 001yy | |
| 200 | 1 | @a马氏文通@Ama shi wen tong@f马建忠著 |
| 210 | @a北京@c商务印书馆@d1983@h2000重印 | |
| 215 | @a447页@d21cm | |
| 225 | 2 | @a商务印书馆文库 |
| 330 | @a《马氏文通》出版已经有八十多年了,是我国第一部讲语法的书,收集了大量的古汉语例句,大约有七千到八千句。 | |
| 461 | 0 | @12001 @a商务印书馆文库 |
| 605 | @a马氏文通@x研究 | |
| 605 | @2CT@3S905108@a马氏文通 | |
| 606 | 0 | @a语法学@x语法@z古代 |
| 606 | 0 | @a汉语 |
| 606 | 0 | @a语法 |
| 690 | @aH04@v4 | |
| 701 | 0 | @a马建忠@Ama jian zhong@4著 |
| 801 | 0 | @aCN@bNLC@c20101222 |
| 905 | @a10447@dH04@eJY83 | |
| 马氏文通/马建忠著.-北京:商务印书馆,1983(2000重印) |
| 447页;21cm.-(商务印书馆文库) |
| ISBN 7-100-02807-8:CNY18.00 |
| 《马氏文通》出版已经有八十多年了,是我国第一部讲语法的书,收集了大量的古汉语例句,大约有七千到八千句。 |
| ● |
| 相关链接 |
|
|
|
|
正题名:马氏文通
索取号:H04/JY83
 
预约/预借
| 序号 | 登录号 | 条形码 | 馆藏地/架位号 | 状态 | 备注 |
| 1 | 7828949 | 278289497 | 学院路分馆/ [索取号:H04/JY83] | 在馆 | |
| 2 | 7828950 | 278289503 | 学院路分馆/ [索取号:H04/JY83] | 在馆 | |
| 3 | 7828951 | 278289512 | 学院路分馆/ [索取号:H04/JY83] | 在馆 | |
| 4 | 7828952 | 278289521 | 学院路分馆/ [索取号:H04/JY83] | 在馆 | |
| 5 | 7828953 | 278289530 | 学院路分馆/ [索取号:H04/JY83] | 在馆 |